kitchen word scramble - Statistics

General Stats
  • This quiz has been taken 456 times
  • The average score is 11 of 15
Answer Stats
Hint Answer % Correct
boh hob
96%
neov oven
96%
rofk fork
94%
onops spoon
94%
zeeerfr freezer
92%
finek knife
91%
ttelek kettle
89%
gedirf fridge
84%
warders drawers
79%
oatstre toaster
77%
heardswish dishwasher
70%
kwor pot work top
70%
bucpador cupboard
62%
napcause saucepan
50%
jam urge using measuring jug
3%
No matching quizzes found
Score Distribution
Percent of People with Each Score
Percentile by Number Answered
Your Score History
You have not taken this quiz